Normal view
MARC view
Entry Personal Name
001 - CONTROL NUMBER
- control field: 38114
003 - CONTROL NUMBER IDENTIFIER
- control field: dpl
005 - DATE AND TIME OF LATEST TRANSACTION
- control field: 20120104103932.0
008 - FIXED-LENGTH DATA ELEMENTS
- fixed length control field: 120104|||a|||||| | ||| d
040 ## - CATALOGING SOURCE
- Original cataloging agency: dpl
- Transcribing agency: dpl
100 ## - HEADING--PERSONAL NAME
- Personal name: मिश्रा, विजय चन्द्र
670 ## - SOURCE DATA FOUND
- Source citation: Work cat.: (dpl)53094: मिश्रा, विजय चन्द्र, एल आई सीःभारतीय जीवन बीमा निगमः , 2010
670 ## - SOURCE DATA FOUND
- Source citation: Work cat.: (dpl)53094: मिश्रा, विजय चन्द्र, एल आई सीःभारतीय जीवन बीमा निगमः , 2010
